Roi - Vidéoclub - Statistiques

Statistiques générales
  • Ce quiz a été pris 128 fois
  • Le résultat moyen est 204 sur 406
Statistiques - réponses
Réponse % Correct
aura
100%
comme
100%
d'autres
100%
des
100%
en
100%
gars
100%
il
100%
mecs
100%
moi
100%
plein
100%
pour
100%
t'en
100%
trouvera
100%
y
100%
a
84%
toi
81%
dans
76%
l
76%
te
73%
mon
72%
me
70%
je
69%
la
69%
corps
66%
mes
66%
tes
66%
le
65%
de
64%
moi
64%
aime
61%
âme
59%
sous
59%
les
58%
soleil
58%
boucles
57%
brunes
57%
rêves
57%
s'évaporent
57%
neige
55%
peau
55%
vermeille
53%
cherche
51%
fleurs
50%
beige
49%
songes
47%
nuit
43%
suis
43%
traque
41%
ta
39%
lèvres
38%
des
36%
es
36%
sur
36%
tu
36%
coeur
35%
l'aube
35%
au
34%
en
34%
ou
34%
qui
34%
ma
32%
que
32%
et
31%
nus
30%
roi
30%
écarlate
27%
ombre
27%
vois
27%
disparates
26%
avec
24%
fixe
24%
gens
24%
mais
24%
point
24%
jours
23%
n'es
22%
veine
22%
écorchant
20%
rubis
20%
saphir
20%
femme
19%
il
19%
voeux
19%
durant
18%
pluie
18%
quand
18%
rose
18%
yeux
18%
bout
16%
ces
16%
parcours
16%
rires
16%
bouche
15%
courent
15%
larmes
15%
lointains
15%
lyrique
15%
sourient
15%
un
15%
divague
14%
filles
14%
iconique
14%
plane
14%
reste
14%
rue
14%
souvenirs
14%
t'admirent
14%
ville
14%
j'parcours
12%
l'esprit
12%
mièvre
12%
pensées
12%
pleut
12%
t'aime
12%
bas
11%
déteste
11%
fumée
11%
garçon
11%
goût
11%
grésillent
11%
laisse
11%
seule
11%
file
9%
résilles
9%
tomber
9%
vices
9%
dansm
8%
ensevelis
8%
errant
8%
fuyant
8%
n'aime
8%
nuages
8%
nymphe
8%
s'échappe
8%
abymes
7%
leur
7%
t'embrasse
7%
j'me
4%
regardes
4%
sort
4%
leurs
3%
réveille
1%
résilies
0%
Aucun quiz correspondant
Distribution des résultats
% des personnes avec chaque résultat
Percentile par nombre de réponses
Votre historique - résultats
Vous n’avez pas pris ce quiz